Car models starting with L by pictures - Statistics

General Stats
  • This quiz has been taken 45 times
  • The average score is 6 of 10
Answer Stats
Picture Hint Answer % Correct
Mitsubishi Lancer EVO
89%
Toyota Land Cruiser Prado
76%
Nissan Leaf
73%
Lexus LFA
68%
Volkswagen Lupo
59%
Renault Laguna
51%
Subaru Legacy
46%
Dacia Logan
38%
Buick LeSabre
30%
Jeep Liberty
27%
No matching quizzes found
Score Distribution
Percent of People with Each Score
Percentile by Number Answered
Your Score History
You have not taken this quiz